Statistics for Countries That No Longer Exist

Click here to take the quiz!

General Stats

  • This quiz has been taken 13,996 times
  • The average score is 9 of 20

Answer Stats

HintDateAnswer% Correct
Merged w/ Germany1989East Germany
86%
Split into Balkan states1990'sYugoslavia
85%
Split into 2 European states1993Czechoslovakia
71%
Split into 15 Asian states1991USSR
70%
Merged w/ UK1707Scotland
68%
Merged w/ US1845Republic of Texas
68%
Merged w/ Vietnam1976South Vietnam
65%
Merged w/ UK1536Wales
64%
Merged w/ China1950Tibet
58%
Merged w/ US1898Hawaii
48%
Parts of Germany and Poland1945Prussia
44%
Parts of Asia, Africa, Europe1923Ottoman Empire
43%
Merged w/ Canada1949Newfoundland
33%
Merged w/ Tanzania1964Zanzibar
32%
Merged w/ Spain1939Catalonia
31%
Merged w/ US1865Confederate States of America
25%
Parts of India and Bangladesh1539Bengal
13%
Merged w/ Tanzania1964Tanganyika
13%
Merged w/ France1769Corsica
12%
Merged w/ India1975Sikkim
6%

Score Distribution

Percentile by Number Answered

Percent of People with Each Score

Your Score History

You have not taken this quiz